000 00506nam a2200193Ia 4500
005 20250923144643.0
008 008 250917s9999 xx 000 0 eng d
037 _aTextual
040 _aDSWL
_beng
_cDSWL
041 _aeng
_2eng
084 _qDSWL
245 0 _aReport on low cost housing, N.B.O.4
_cby Y.B.O. Govt. of India
260 _aNew Delhi
_bY.B.O. Govt. of India
_c1954
300 _ai,146p.
365 _aINR
_b2.50
925 _g2.50
942 _cTEXL
999 _c1441657
_d1441657